The Only Remaining Minecraft Mob #1 - Statistics

General Stats
  • This quiz has been taken 24 times
    23 since last reset
  • The average score is 12 of 15
Answer Stats
Hint Mob Word Bank Used % Correct
Emanates brightness from its body Glow Squid Blaze
100%
Does not spawn naturally Wither Cod
100%
Can swim in water Cod Enderman
94%
Is rideable by the player Pig Glow Squid
94%
Is able to teleport Shulker Mooshroom
94%
Is able to sit down for a few seconds Camel Camel
89%
Is three blocks tall and one wide Enderman Chicken
89%
Spawns from a Nether spawner Blaze Pig
78%
Shoots projectiles Skeleton Silverfish
78%
That can give you non meat food Mooshroom Villager
72%
Is bigger than an Iron Golem Ravager Shulker
72%
Drops projectiles sometimes (alive) Chicken Panda
67%
Has different skin textures Panda Skeleton
67%
You can get enderpearls from Villager Ravager
67%
Is a Minecraft Mob Silverfish Wither
61%
No matching quizzes found
Score Distribution
Percent of People with Each Score
Percentile by Number Answered
Your Score History
You have not taken this quiz since the last reset